| 000 | 00976nam a2200217 4500 | ||
|---|---|---|---|
| 001 | 126345 | ||
| 003 | ES-MaACL | ||
| 005 | 20250607063027.0 | ||
| 007 | t| | ||
| 008 | 070214n19001930sp r ||||1| spa d | ||
| 100 | 1 |
_aReclus, Élisée, _d1830-1905 _995775 |
|
| 245 | 1 | 3 |
_aEl hombre y la tierra / _cEliseo Reclús ; versión española de A. Lorenzo ; bajo la dirección de Odón de Buen. |
| 260 |
_aBarcelona : _bMaucci, _c[19__?] |
||
| 300 |
_a6 v. : _bil. ; _c20 cm. |
||
| 505 | 8 | _aContiene: Tomo I. Los antepasados. Historia Antigua. Tomo II. Historia antigua (continuación). Tomo III. Historia antigua. Historia moderna. Tomo IV. Historia moderna (continuación). Tomo V. Historia moderna. Historia contemporánea. Tomo VI. Historia contemporánea (continuación). | |
| 650 | 0 | 4 |
_aCivilización- _xHistoria _911082 |
| 700 | 1 |
_aLorenzo, A. _974139 |
|
| 700 | 1 |
_aBuen, Odón de, _d1863-1945 _932355 |
|
| 852 |
_aES-MaACL _jA-1582-87 |
||
| 999 |
_c126345 _d126345 |
||